Après l'Amérique : (Record no. 126491)

MARC details
000 -LEADER
campo de control de longitud fija 01487nam a22002297a 4500
003 - IDENTIFICADOR DE NÚMERO DE CONTROL
campo de control BJBSDDR
005 - FECHA Y HORA DE LA ÚLTIMA TRANSACCIÓN
campo de control 20260302152207.0
007 - CAMPO FIJO DE DESCRIPCIÓN FÍSICA--INFORMACIÓN GENERAL
campo de control de longitud fija ta
008 - DATOS DE LONGITUD FIJA--INFORMACIÓN GENERAL
campo de control de longitud fija 260302s2024 fr ||||| |||| 00| 0 fre d
020 ## - NÚMERO INTERNACIONAL ESTÁNDAR DEL LIBRO
Número Internacional Estándar del Libro 9782940719723
020 ## - NÚMERO INTERNACIONAL ESTÁNDAR DEL LIBRO
Número Internacional Estándar del Libro 2940719721
040 ## - FUENTE DE CATALOGACIÓN
Lengua de catalogación spa
Centro/agencia transcriptor BJBSDDR
041 ## - CÓDIGO DE IDIOMA
Código de lengua del texto/banda sonora o título independiente fre
050 ## - SIGNATURA TOPOGRÁFICA DE LA BIBLIOTECA DEL CONGRESO
Número de ítem M654 2024
100 1# - ENTRADA PRINCIPAL--NOMBRE DE PERSONA
Nombre de persona Millière, Guy
9 (RLIN) 47266
245 10 - MENCIÓN DEL TÍTULO
Título Après l'Amérique :
Resto del título pourquoi l'élection présidentielle du 5 novembre 2024 pourrait être la dernière élection démocratique aux États-Unis /
Mención de responsabilidad, etc. Guy Millière
260 ## - PUBLICACIÓN, DISTRIBUCIÓN, ETC.
Lugar de publicación, distribución, etc. Paris :
Nombre del editor, distribuidor, etc. Balland,
Fecha de publicación, distribución, etc. 2024
300 ## - DESCRIPCIÓN FÍSICA
Extensión 243 pages ;
Dimensiones 23 cm
520 ## - RESUMEN, ETC.
Sumario, etc. Après quatre années de présidence Biden, les États-Unis sont à la croisée des chemins. Ce livre explique de façon précise et documentée l'effet de la politique de l'administration Biden sur les États-Unis et sur le monde, et permet de déchiffrer les évolutions géopolitiques ainsi que les ressorts de la confrontation entre le parti républicain et le parti démocrate. Le choix en 2024 sera entre la continuation de la transformation radicale du pays et un redressement. Si la transformation radicale se poursuit, les États-Unis cesseront de jouer le rôle qui a été le leur depuis la Deuxième Guerre Mondiale, et ils entreront dans une phase post-américaine, avec toutes les conséquences planétaires qui découleront. Le cas échéant, un monde bien moins sûr pour la démocratie et la liberté.
942 ## - ELEMENTOS DE ENTRADA SECUNDARIOS (KOHA)
Fuente del sistema de clasificación o colocación Clasificación de Library of Congress
Suprimir en OPAC No
Tipo de ítem Koha Libro
946 ## - PROCESAMIENTO DE INFORMACIÓN LOCAL (OCLC)
Iniciales del agente catalogador cmc
Holdings
Estatus retirado Estado de pérdida Fuente del sistema de clasificación o colocación Estado de daño No para préstamo Colección Biblioteca de origen Biblioteca actual Ubicación en estantería Fecha de adquisición Signatura topográfica completa Código de barras Visto por última vez Copia número Tipo de ítem Koha
    Clasificación de Library of Congress     Automatización y Procesos Técnicos Biblioteca Juan Bosch Biblioteca Juan Bosch Automatización y Procesos Técnicos (1er. Piso) 02/03/2026 M654 2024 00000198778 02/03/2026 1 Libro